书目信息 |
| 题名: |
商业银行管理
|
|
| 作者: | 罗斯 , 赫金斯 著 | |
| 分册: | ||
| 出版信息: | 北京 机械工业出版社 2008.01 |
|
| 页数: | 678页 | |
| 开本: | 29cm | |
| 丛书名: | ||
| 单 册: | ||
| 中图分类: | F830.33 | |
| 科图分类: | ||
| 主题词: | 商业银行--shang ye yin hang--经济管理--英文 | |
| 电子资源: | ||
| ISBN: | 978-7-111-22889-9 | |
| 000 | 01084nam0 2200289 450 | |
| 001 | 012008578924 | |
| 005 | 20080619142239.68 | |
| 010 | @a978-7-111-22889-9@dCNY80.00 | |
| 100 | @a20080619d2008 em y0chi0120 ea | |
| 101 | 0 | @aeng |
| 102 | @aCN@b110000 | |
| 105 | @aa z 000yy | |
| 106 | @ar | |
| 200 | 1 | @a商业银行管理@Ashang ye yin hang guan li@d= Bank manggement & financinal services@f(美) 彼得S. 罗斯, 西尔维娅C. 赫金斯著@F(mei)bi de S.luo si,xi er wei ya C.he jin si zhu@zeng |
| 205 | @a影印版 | |
| 210 | @a北京@c机械工业出版社@d2008.01 | |
| 215 | @a678页@c图@d29cm | |
| 300 | @a高等学校经济管理英文版教材 | |
| 305 | @a据原书第7版影印 | |
| 330 | @a本书是一本极具代表性的国际金融著作,它全面系统介绍了现代商业银行经营管理的基本原则、主要方法和最新发展。 | |
| 510 | 1 | @aBank manggement & financinal services@zeng |
| 606 | 0 | @a商业银行@Ashang ye yin hang@x经济管理@x英文 |
| 690 | @aF830.33@v4 | |
| 701 | 1 | @a罗斯@Aluo si@g(Rose, P.S.)@4著 |
| 701 | 1 | @a赫金斯@Ahe jin si@g(Hudgins, S.C.)@4著 |
| 801 | 0 | @aCN@bQSSK@c20080619 |
| 905 | @b727759@dF830.33@eL953@f2 | |
| 商业银行管理= Bank manggement & financinal services/(美) 彼得S. 罗斯, 西尔维娅C. 赫金斯著.-影印版.-北京:机械工业出版社,2008.01 |
| 678页:图;29cm |
| 高等学校经济管理英文版教材 |
| ISBN 978-7-111-22889-9:CNY80.00 |
| 本书是一本极具代表性的国际金融著作,它全面系统介绍了现代商业银行经营管理的基本原则、主要方法和最新发展。 |
| ● |
| 相关链接 |
|
|
|
正题名:商业银行管理
索取号:F830.33/L953
 
预约/预借
| 序号 | 登录号 | 条形码 | 馆藏地/架位号 | 状态 | 备注 |
| 1 | 727759 | 207277597 | 社科库409/409社科库 50排7列4层/ [索取号:F830.33/L953] | 在馆 |